000 00491nam a2200181Ia 4500
001 4883
005 20260306145827.0
008 260306t2016||||xx |||||||||||||| ||spa||
041 _aESP
082 _a331
_bC88
100 _aCrespo, Teresa
_eAUT
245 0 _aEl trabajo:
_bpresente y futuro: entre la creciente precarización y la ineludible necesidad de repensarlo
260 _c2016
300 _a32 pƔginas :
_c20 cm.
650 _aGEN
654 _aCAN
942 _cLIB
_dJUS
_fJUS
_2ddc
_n
999 _c4883
_d4883